[Event "Jogo 04"]
[Site "http://www.queenalice.com/game.php?id=1791175"]
[Date "2022.6.19"]
[Round "-"]
[White "cristal_negro"]
[Black "Mlintz"]
[Result "0-1"]
[WhiteElo "1877"]
[BlackElo "1772"]

1. e4 e5 2. Nf3 Qe7 3. c3 c5 4. d3 g6 5. Be2 Bg7 6. Nbd2 Nf6 7. O-O O-O 8. Nc4
Ne8 9. Be3 b6 10. Qd2 d6 11. a4 Bb7 12. Rfd1 Nc6 13. d4 exd4 14. Bg5 Qxe4 15.
Bd3 dxc3 16. bxc3 Qe6 17. Re1 Qd7 18. Bf4 Nf6 19. Nxd6 a6 20. Nc4 Qd8 21. Qc2
Nh5 22. Bd6 Re8 23. Rxe8+ Qxe8 24. Nxb6 Nf6 25. Bxc5 Rb8 26. Rb1 a5 27. Bc4 Nd7
28. Nxd7 Qxd7 29. Bb5 Qc8 30. Be3 Nb4 31. Qe2 Qxc3 32. Rc1 Qf6 33. Bg5 Qe6 34.
Qd1 Ba6 35. Rc5 Bxb5 36. Rxb5 Rxb5 37. Qd8+ Bf8 38. axb5 Qf5 39. h3 Qc5 40. b6
a4 41. b7 Nc6 42. b8=Q Nxd8 43. Qxd8 a3 44. Bf6 a2 45. Qa8 Qc1+ 46. Kh2 Qf4+ 47.
Kh1 Qxf6 48. Qxa2 Kg7 49. h4 Bc5 50. Qe2 Bd6 51. Ng5 Qa1+ 0-1

[Event "Challenge"]
[Site "http://www.queenalice.com/game.php?id=1791635"]
[Date "2022.6.27"]
[Round "-"]
[White "zmanomega"]
[Black "cristal_negro"]
[Result "0-1"]
[WhiteElo "1595"]
[BlackElo "1859"]

1. d4 d5 2. Bf4 Nf6 3. f3 e6 4. Be5 Be7 5. e3 O-O 6. Nc3 Nc6 7. g4 Ne8 8. h4 f6
9. Bg3 Bd6 10. f4 Bb4 11. Qd2 Nd6 12. O-O-O Ne4 13. Qg2 Bxc3 14. bxc3 Nxc3 15.
Re1 Qe7 16. Bd3 Nxa2+ 17. Kd2 Qb4+ 18. Ke2 Nc3+ 19. Kf3 Ne4 20. Bxe4 dxe4+ 21.
Kxe4 f5+ 22. gxf5 exf5+ 23. Kf3 Qc3 24. Ne2 Qc4 25. c3 Be6 26. Kf2 Bd5 27. Qh3
Bxh1 28. Qxh1 Rae8 29. h5 h6 30. Bh4 Qd3 31. Ng3 a5 32. Qf3 Qxc3 33. Qd5+ Kh8
34. Nxf5 Nb4 35. Qg2 Rf7 36. Rg1 Qd2+ 37. Kf1 Qxg2+ 0-1

[Event "Challenge"]
[Site "http://www.queenalice.com/game.php?id=1791688"]
[Date "2022.6.29"]
[Round "-"]
[White "ChessColossos"]
[Black "cristal_negro"]
[Result "1-0"]
[WhiteElo "2398"]
[BlackElo "1857"]

1. g4 e5 2. b4 c6 3. e4 Be7 4. b5 Nf6 5. f3 O-O 6. Ne2 d5 7. Ng3 d4 8. bxc6 Nxc6
9. Bc4 a6 10. d3 Na5 11. Bb3 Nxb3 12. axb3 Bb4+ 13. Bd2 Be7 14. Na3 Nd7 15. O-O
b5 16. Nxb5 Nc5 17. Ba5 Qd7 18. Na3 Bg5 19. Nc4 Qe7 20. Nb6 Rb8 21. Nd5 Qd7 22.
Bc7 Rb7 23. Bxe5 Ne6 24. Nf5 f6 25. Bg3 Kh8 26. f4 g6 27. fxg5 gxf5 28. Nxf6 Qg7
29. exf5 Nxg5 30. Nh5 Qd7 31. Be5+ Kg8 32. Nf6+ Rxf6 33. Bxf6 h6 34. Bxg5 hxg5
35. Rxa6 Rb8 36. Rg6+ Kf7 37. Rxg5 Bb7 38. f6 Qc6 39. Rg7+ Kf8 40. Rxb7 Rxb7 41.
g5 Qd5 42. Qg4 Rc7 43. Rf2 Ra7 44. Qc8+ Kf7 45. Qc4 Ra1+ 46. Rf1 Ra5 47. Qxd5+
Rxd5 48. h4 Rd8 49. Rf2 Rd7 50. Kg2 Rc7 51. Kg3 Rd7 52. Kg4 Rd5 53. h5 Rb5 54.
g6+ Kf8 55. h6 Rb7 56. h7 1-0

[Event "Jogo 05"]
[Site "http://www.queenalice.com/game.php?id=1793366"]
[Date "2022.7.28"]
[Round "-"]
[White "Mlintz"]
[Black "cristal_negro"]
[Result "0-1"]
[WhiteElo "1853"]
[BlackElo "1873"]

1. e4 e5 2. Nf3 Nc6 3. Bc4 Nf6 4. Ng5 d5 5. exd5 Nxd5 6. Nxf7 Kxf7 7. Qf3+ Ke6
8. Nc3 Ne7 9. O-O c6 10. Re1 h6 11. d4 Ng6 12. dxe5 Be7 13. Re4 Rf8 14. Qg4+ Kf7
15. Rf4+ Nxf4 16. Qxf4+ Ke8 17. Qe4 Be6 18. a4 Qd7 19. Qg6+ Rf7 20. Nxd5 cxd5
21. Be2 a6 22. Bh5 Bf8 23. Qg3 Rc8 24. c3 Kd8 25. Bxf7 Qxf7 26. Bd2 Rc4 27. h3
Kd7 28. b3 Rc7 29. b4 Be7 30. f4 b5 31. axb5 axb5 32. Qd3 Rc4 33. Ra7+ Ke8 34.
Be3 Qh5 35. Kh2 Qf7 36. Ra8+ Bc8 37. f5 Kf8 38. e6 Bd6+ 39. Kh1 Qb7 40. Ra1 Be7
41. Bd4 Kg8 42. Rf1 Bf6 43. Bxf6 gxf6 44. Qg3+ Qg7 45. Qd6 Bb7 46. Re1 d4 47.
Qd8+ Kh7 48. e7 Qxg2# 0-1

[Event "Jogo 06"]
[Site "http://www.queenalice.com/game.php?id=1793367"]
[Date "2022.7.28"]
[Round "-"]
[White "cristal_negro"]
[Black "Mlintz"]
[Result "1-0"]
[WhiteElo "1888"]
[BlackElo "1847"]

1. e4 c5 2. c3 Nc6 3. Nf3 e5 4. d3 d5 5. Nbd2 Nf6 6. Be2 Be7 7. O-O O-O 8. Qc2
a6 9. Re1 d4 10. cxd4 cxd4 11. a3 b5 12. Qxc6 Bd7 13. Qc2 Rc8 14. Qb1 Bd6 15.
Nf1 a5 16. Bg5 h6 17. Bh4 g5 18. Nxg5 hxg5 19. Bxg5 Be7 20. Ng3 Nh7 21. Bh6 Re8
22. b4 a4 23. Qd1 Rc6 24. Bg4 Rxh6 25. Bf5 Bxf5 26. Nxf5 Rg6 27. Rc1 Kh8 28. Qh5
Reg8 29. g3 Bf6 30. Nh6 Qd7 31. Rc5 Rg5 32. Nxf7+ Kg7 33. Nxg5 Nxg5 34. Rec1 Ne6
35. Rc6 Rh8 36. Qg4+ Kf7 37. Rc7 Qxc7 38. Rxc7+ Nxc7 39. Qd7+ Kg6 40. Qxc7 Kg5
41. f4+ exf4 42. Qxf4+ Kg6 43. e5 Bg5 44. Qxd4 Rd8 45. Qe4+ Kh5 46. h3 Kh6 47.
e6 Rc8 48. d4 Rc3 49. Qe5 Be3+ 50. Kg2 Rxa3 51. e7 Ra2+ 52. Kf3 1-0

[Event "Challenge"]
[Site "http://www.queenalice.com/game.php?id=1793410"]
[Date "2022.7.29"]
[Round "-"]
[White "jjjcarvalho"]
[Black "cristal_negro"]
[Result "1-0"]
[WhiteElo "1859"]
[BlackElo "1877"]

1. d4 d5 2. Nf3 e6 3. e3 Nc6 4. c4 Nf6 5. Nc3 Bb4 6. a3 Be7 7. b4 a6 8. Qa4 O-O
9. c5 Bd7 10. Qc2 g6 11. Bd3 Nh5 12. O-O f5 13. Bd2 Bf6 14. Rab1 Ne7 15. a4 c6
16. a5 Bg7 17. Ne5 Be8 18. f4 Nf6 19. Na4 Rb8 20. Nb6 Qc7 21. Be1 Nc8 22. Bh4
Ne4 23. Rf3 Na7 24. Rh3 Bxe5 25. fxe5 Qf7 26. Bxe4 dxe4 27. Bf6 Nc8 28. Qf2 Nxb6
29. cxb6 Qd7 30. Qh4 Rf7 31. Rf1 Qd5 32. Rg3 Qd7 33. Rxg6+ Kf8 34. Qh6+ 1-0

[Event "Challenge"]
[Site "http://www.queenalice.com/game.php?id=1793411"]
[Date "2022.7.29"]
[Round "-"]
[White "cristal_negro"]
[Black "jjjcarvalho"]
[Result "1-0"]
[WhiteElo "1861"]
[BlackElo "1864"]

1. e4 c5 2. Nf3 d6 3. d4 cxd4 4. Nxd4 a6 5. Nc3 e6 6. Bc4 Qc7 7. Bb3 Nc6 8. O-O
Nxd4 9. Qxd4 e5 10. Qd1 Nf6 11. Re1 Bd7 12. Bg5 Be6 13. Bxf6 gxf6 14. Nd5 Bxd5
15. Bxd5 Rc8 16. c4 h5 17. Qa4+ Kd8 18. Qc2 b5 19. b3 h4 20. h3 Be7 21. Rac1 Rh7
22. Qe2 Qd7 23. Qe3 Bf8 24. Qb6+ Rc7 25. cxb5 axb5 26. Rc6 Be7 27. Rec1 Rg7 28.
Rxc7 1-0

[Event "Challenge"]
[Site "http://www.queenalice.com/game.php?id=1793895"]
[Date "2022.8.7"]
[Round "-"]
[White "cristal_negro"]
[Black "zmanomega"]
[Result "1-0"]
[WhiteElo "1860"]
[BlackElo "1599"]

1. g3 e5 2. c3 Bc5 3. e3 b6 4. Bg2 c6 5. Nf3 f6 6. O-O d6 7. d4 exd4 8. exd4
Bxd4 9. Nxd4 Bd7 10. Re1+ Ne7 11. Nd2 O-O 12. Ne6 Bxe6 13. Rxe6 d5 14. Nf3 Qd7
15. Qe1 c5 16. Rxe7 Qd8 17. Qe6+ Kh8 18. Nh4 Na6 19. Nf5 Rg8 20. Bf4 Rc8 21. Re1
Nc7 22. Bxc7 Qf8 23. Qc6 g6 24. Nd6 Rg7 25. Rxg7 Qxg7 26. Nxc8 1-0

[Event "Challenge"]
[Site "http://www.queenalice.com/game.php?id=1793896"]
[Date "2022.8.7"]
[Round "-"]
[White "zmanomega"]
[Black "cristal_negro"]
[Result "0-1"]
[WhiteElo "1605"]
[BlackElo "1855"]

1. d4 d5 2. Bf4 Nf6 3. f3 e6 4. Nc3 Be7 5. e4 dxe4 6. fxe4 O-O 7. Bd3 Nc6 8. g4
Nxd4 9. Be3 e5 10. Nb5 Nxg4 11. Qd2 Nxe3 12. Qxe3 Bh4+ 13. Kd2 Bg5 0-1

[Event "Challenge"]
[Site "http://www.queenalice.com/game.php?id=1793898"]
[Date "2022.8.7"]
[Round "-"]
[White "zmanomega"]
[Black "cristal_negro"]
[Result "0-1"]
[WhiteElo "1633"]
[BlackElo "1866"]

1. e4 e5 2. Bc4 Nf6 3. d3 Be7 4. a3 O-O 5. h3 d5 6. exd5 Nxd5 7. Nd2 Nf4 8. Rh2
Bf5 9. g3 Ne6 10. Ngf3 Nc6 11. g4 Bg6 12. Nb3 Bd6 13. Rg2 Nf4 14. Rg3 Qe7 15. h4
e4 16. Rg1 exd3+ 17. Kf1 Ne2 18. cxd3 Nxg1 19. Kxg1 Ne5 20. Nxe5 Bxe5 21. h5 Qh4
22. Qf3 Qh2+ 23. Kf1 Bxh5 24. gxh5 c6 25. Ke2 Rae8 26. Kd2 Qh4 27. a4 Rd8 28. a5
Qxc4 29. Ke1 Qxb3 30. Kf1 Rxd3 31. Qe2 Re8 32. Ra3 Rd1+ 33. Kg2 Qd5+ 0-1

[Event "Challenge"]
[Site "http://www.queenalice.com/game.php?id=1793899"]
[Date "2022.8.7"]
[Round "-"]
[White "cristal_negro"]
[Black "zmanomega"]
[Result "1-0"]
[WhiteElo "1902"]
[BlackElo "1600"]

1. e4 e5 2. Nf3 f6 3. Nh4 Bc5 4. Qh5+ Ke7 5. Bc4 Nh6 6. Nf5+ Kf8 7. Nxh6 g6 8.
Qe2 c6 9. Nf7 Qe7 10. Nxh8 Kg7 11. Nf7 d6 12. d3 g5 13. Qh5 Be6 14. Qh6+ Kg8 15.
Bxe6 Qxe6 16. Nxg5 Qe7 17. Nf3 Nd7 18. Nh4 Nf8 19. O-O Qf7 20. Nc3 Ng6 21. Nf5
b5 22. Ne2 d5 23. h4 Bf8 24. Qh5 d4 25. Bh6 c5 26. a3 Rd8 27. Rad1 Qa2 28. Rb1
Qe6 29. Bxf8 Rxf8 30. g3 c4 31. Rbc1 Rc8 32. Rfd1 a5 33. Qh6 Qf7 34. Nd6 Qd7 35.
Nxc8 Qxc8 36. c3 Qd7 37. cxd4 exd4 38. dxc4 b4 39. Rxd4 Qc8 40. Rcd1 1-0

[Event "07"]
[Site "http://www.queenalice.com/game.php?id=1794899"]
[Date "2022.8.25"]
[Round "-"]
[White "cristal_negro"]
[Black "Mlintz"]
[Result "1-0"]
[WhiteElo "1889"]
[BlackElo "1805"]

1. e4 e5 2. Nf3 Qe7 3. Nc3 c6 4. d3 g6 5. Be2 Bg7 6. d4 d6 7. d5 Nf6 8. Bg5 O-O
9. Qd2 Re8 10. a4 a6 11. a5 Qf8 12. Na4 Nbd7 13. Bh4 Nxe4 14. Qe3 f5 15. Qb3 c5
16. Bd3 Nxf2 17. Ng5 Nxh1 18. Ne6 Qf7 19. Nc7 Rb8 20. Nxe8 Qxe8 21. O-O-O e4 22.
Be2 Ne5 23. Qb6 Qd7 24. Rxh1 Qxa4 25. Kb1 Nd7 26. Qxd6 Qxa5 27. Qe6+ Kh8 28.
Qe8+ Nf8 29. Be7 Kg8 30. Bc4 Bd7 31. d6+ Kh8 32. Qxb8 h6 33. Bf6 Bb5 34. Qxf8+
1-0

[Event "08"]
[Site "http://www.queenalice.com/game.php?id=1794966"]
[Date "2022.8.26"]
[Round "-"]
[White "Mlintz"]
[Black "cristal_negro"]
[Result "0-1"]
[WhiteElo "1822"]
[BlackElo "1902"]

1. e4 e5 2. Nf3 Nc6 3. Bc4 Qf6 4. a3 Bc5 5. c3 Nge7 6. d3 O-O 7. b4 Bd6 8. Bb2
Ng6 9. g3 a6 10. a4 Nd8 11. h4 c5 12. b5 axb5 13. Bxb5 Be7 14. Nbd2 d6 15. d4 h5
16. dxe5 dxe5 17. Be2 Bg4 18. c4 Nc6 19. Ng5 Bxe2 20. Qxe2 Rfd8 21. O-O Qd6 22.
Ndf3 f6 23. Nh3 Qe6 24. Kh2 Qg4 25. Nfg1 Qxe2 26. Nxe2 Na5 27. Nc3 Rd2 28. Bc1
Rd3 29. Nd5 Bd8 30. f4 Nb3 31. Ra2 Na5 32. fxe5 Nxe5 33. Ndf4 Rd4 34. Nxh5 Ng4+
35. Kg2 Nxc4 36. N3f4 Rxe4 37. Nd5 Re5 38. Nhf4 Ba5 39. Ng6 Re4 40. Nge7+ Kf7
41. Kf3 Rd4 42. Bf4 Nce5+ 43. Bxe5 Nxe5+ 44. Kg2 Bd8 0-1

[Event "Challenge"]
[Site "http://www.queenalice.com/game.php?id=1796132"]
[Date "2022.9.14"]
[Round "-"]
[White "cristal_negro"]
[Black "Charles56"]
[Result "0-1"]
[WhiteElo "1915"]
[BlackElo "1673"]

1. e4 e5 2. Nf3 d6 3. c3 a6 4. d4 exd4 5. cxd4 Bg4 6. Be2 h6 7. Nc3 Nc6 8. d5
Ne5 9. Nxe5 Bxe2 10. Qxe2 Qf6 11. Ng4 Qg6 12. Be3 h5 13. f3 hxg4 14. O-O-O gxf3
15. gxf3 Be7 16. Rdg1 Qh5 17. a3 Bf6 18. Bd2 Rc8 19. Rf1 Ne7 20. Qc4 c6 21. Qb3
cxd5 22. Kb1 dxe4 23. Nxe4 Qg6 24. Ka1 Bd4 25. Bb4 O-O 26. Bxd6 Bf6 27. Qxb7
Rfe8 28. Rhg1 Qf5 29. Qxa6 Rc6 30. Qd3 Nd5 31. Qb5 Rec8 32. Nxf6+ Qxf6 33. Qxd5
Rxd6 34. Qb7 Rc2 35. h3 Rb6 36. Rxg7+ Kxg7 37. Rg1+ Kh6 38. Qxb6 Qxb6 39. Rb1 f5
40. f4 Qe3 41. Ka2 Qxf4 42. Kb3 Qc4# 0-1

[Event "09"]
[Site "http://www.queenalice.com/game.php?id=1796269"]
[Date "2022.9.17"]
[Round "-"]
[White "Mlintz"]
[Black "cristal_negro"]
[Result "0-1"]
[WhiteElo "1819"]
[BlackElo "1889"]

1. e4 e5 2. Nf3 Nc6 3. Bb5 d6 4. d4 Bd7 5. dxe5 Bg4 6. exd6 Bxd6 7. O-O Qf6 8.
Be2 Nge7 9. Re1 O-O 10. Bg5 Qxb2 11. Nbd2 Ng6 12. g3 Qc3 13. Be3 Nce5 14. Nxe5
Bxe2 15. Rxe2 Nxe5 16. Nb3 a5 17. Bd4 Qf3 18. Nd2 Qh5 19. Bxe5 Bxe5 20. Rb1 b6
21. Nc4 Rfd8 22. Qe1 Bd4 23. c3 Bxc3 24. Qf1 Bd4 25. a4 f6 26. Na3 Be5 27. f4
Bd4+ 28. Kg2 Rab8 29. Nb5 Bc5 30. Nxc7 Qg4 31. Nb5 Rd3 32. Ra2 Rbd8 33. Qe2 Qd7
34. Rbb2 Bb4 35. Qf1 h6 36. Re2 h5 0-1

[Event "10"]
[Site "http://www.queenalice.com/game.php?id=1796270"]
[Date "2022.9.17"]
[Round "-"]
[White "cristal_negro"]
[Black "Mlintz"]
[Result "1/2-1/2"]
[WhiteElo "1902"]
[BlackElo "1770"]

1. e4 e5 2. Nf3 Qe7 3. Nc3 c6 4. Be2 g6 5. d4 d6 6. d5 Bg7 7. dxc6 bxc6 8. O-O
Nf6 9. a4 a5 10. Nd2 O-O 11. Bf3 Na6 12. Nb3 Nc7 13. Bg5 h6 14. Be3 Bb7 15. Bb6
Ba6 16. Re1 Ne6 17. Nxa5 c5 18. Nd5 Nxd5 19. exd5 Nd4 20. Be4 f5 21. Bd3 Bxd3
22. Qxd3 e4 23. Qd1 f4 24. Nc6 Qb7 25. a5 Rfe8 26. Nxd4 cxd4 27. Qg4 Qxd5 28.
Qxf4 g5 29. Qg4 d3 30. cxd3 exd3 31. Rxe8+ Rxe8 32. Rd1 Bxb2 33. Be3 Qxa5 34.
Qc4+ Kg7 35. Qxd3 Be5 36. g3 Rc8 37. Bd4 Re8 38. Bxe5+ Qxe5 39. Qc4 Re7 40. Kf1
Kf6 41. Qd4 Qxd4 42. Rxd4 Rd7 43. f4 d5 44. Kf2 Kf5 45. h3 h5 46. Ke3 g4 47. h4
Rd6 48. Kd3 Rd7 49. Kc3 Rd8 50. Kb4 Ke6 51. Kc5 Rd6 52. Kb5 Rd7 53. Kc6 Rd6+ 54.
Kc5 1/2-1/2

[Event "11"]
[Site "http://www.queenalice.com/game.php?id=1799632"]
[Date "2022.11.9"]
[Round "-"]
[White "Mlintz"]
[Black "cristal_negro"]
[Result "1-0"]
[WhiteElo "1913"]
[BlackElo "1913"]

1. e4 e5 2. Nf3 Nc6 3. c3 Be7 4. Be2 Nf6 5. d3 d5 6. exd5 Nxd5 7. O-O f6 8. c4
Nb6 9. b3 O-O 10. Bb2 Nd7 11. Nc3 Nb6 12. a3 Be6 13. Re1 Kh8 14. Ne4 Bg4 15. h3
Bh5 16. Ng3 Bg6 17. Bf1 Bd6 18. Nh4 Bf7 19. Nf3 Nd7 20. d4 exd4 21. Nxd4 Nxd4
22. Bxd4 b6 23. Bb2 Bg6 24. Ne4 Re8 25. Nxd6 cxd6 26. Qxd6 Rxe1 27. Rxe1 Qc8 28.
Re7 Ne5 29. Bxe5 fxe5 30. Qxe5 Qf8 31. Qc7 a5 32. Re1 Rb8 33. f4 Qc5+ 34. Qxc5
bxc5 35. Re5 h6 36. Rxc5 Ra8 37. g4 Bc2 38. Rb5 a4 39. b4 Bb3 40. c5 Rf8 41. f5
Re8 42. c6 Rc8 43. Rc5 Kg8 44. c7 1-0

[Event "12"]
[Site "http://www.queenalice.com/game.php?id=1799633"]
[Date "2022.11.9"]
[Round "-"]
[White "cristal_negro"]
[Black "Mlintz"]
[Result "1-0"]
[WhiteElo "1897"]
[BlackElo "1906"]

1. d4 e6 2. Nf3 d5 3. Nc3 a6 4. e4 dxe4 5. Nxe4 Nc6 6. c3 b5 7. a3 Be7 8. Be2 h6
9. O-O Nf6 10. Ng3 Bb7 11. Re1 O-O 12. Bf4 Nd5 13. Bd2 Nf6 14. Qc1 Na7 15. Bf4
Nc6 16. Ne5 Na7 17. f3 Nc6 18. Nxc6 Bxc6 19. Be5 Bd6 20. Bxd6 cxd6 21. Qf4 Nd5
22. Qd2 Qc7 23. c4 Nf6 24. cxb5 Bxb5 25. Rac1 Qd7 26. b3 Rfc8 27. b4 Rxc1 28.
Qxc1 Nd5 29. Bxb5 axb5 30. Ne4 Nf4 31. Qxf4 Rxa3 32. Nxd6 f6 33. h4 Ra8 34. Qe4
Ra2 35. Qxe6+ Qxe6 36. Rxe6 Rb2 37. Nxb5 Rxb4 38. Rb6 Kh7 39. g4 Kg6 40. f4 Kf7
41. h5 Ke7 42. Kf2 Rb2+ 43. Kf3 1-0

[Event "13"]
[Site "http://www.queenalice.com/game.php?id=1805300"]
[Date "2023.2.2"]
[Round "-"]
[White "Mlintz"]
[Black "cristal_negro"]
[Result "0-1"]
[WhiteElo "1911"]
[BlackElo "1897"]

1. e4 e5 2. Nf3 Nc6 3. Bc4 Be7 4. Nc3 Nf6 5. a3 O-O 6. d4 exd4 7. Nxd4 Ne5 8.
Be2 c6 9. O-O d5 10. exd5 cxd5 11. Be3 Neg4 12. Bd2 a6 13. h3 Ne5 14. Bg5 Qd6
15. Nf5 Bxf5 16. Bxf6 Bxf6 17. Nxd5 Bd8 18. c4 Qg6 19. Nf4 Qh6 20. Qc1 Bg5 21.
g3 Bxh3 22. Re1 Bg4 23. Bf1 Nf3+ 0-1

[Event "14"]
[Site "http://www.queenalice.com/game.php?id=1805301"]
[Date "2023.2.2"]
[Round "-"]
[White "cristal_negro"]
[Black "Mlintz"]
[Result "1-0"]
[WhiteElo "1914"]
[BlackElo "1897"]

1. e4 e5 2. Nf3 Qe7 3. d3 g6 4. Nc3 c6 5. Be2 Bg7 6. a4 a5 7. O-O Nf6 8. Re1 d6
9. b3 O-O 10. Ba3 Qd7 11. d4 Re8 12. d5 Rd8 13. Rb1 c5 14. Bb5 Qe7 15. Qd3 Bd7
16. Bxd7 Nbxd7 17. Nb5 Nb6 18. c4 Qd7 19. Bc1 Nh5 20. Ng5 h6 21. Nh3 Nc8 22. Be3
Na7 23. Qd2 Kh7 24. Qe2 Nxb5 25. cxb5 b6 26. Rbc1 f5 27. exf5 gxf5 28. Qxh5 f4
29. Ng5+ Kg8 30. Ne6 Qf7 31. Qxf7+ 1-0

[Event "Challenge"]
[Site "http://www.queenalice.com/game.php?id=1806985"]
[Date "2023.2.28"]
[Round "-"]
[White "jorm"]
[Black "cristal_negro"]
[Result "0-1"]
[WhiteElo "1915"]
[BlackElo "1914"]

1. e4 e5 2. Nc3 c6 3. d4 exd4 4. Qxd4 Nf6 5. a3 b6 6. h3 Be7 7. Nf3 O-O 8. Bd3
c5 9. Qa4 Bb7 10. Qb3 d5 11. exd5 Nxd5 12. Be2 Bf6 13. O-O Re8 14. Nxd5 Qxd5 15.
Qxd5 Bxd5 16. Bd1 Nd7 17. c3 Bc4 18. Re1 Rxe1+ 19. Nxe1 Re8 20. Be3 h6 21. Bf3
Re7 22. Rd1 Ne5 23. Rd8+ Kh7 24. Be4+ g6 25. b4 cxb4 26. cxb4 Rc7 27. Nf3 Nxf3+
28. Bxf3 Bxd8 29. g4 Be6 30. b5 Rc3 31. a4 Ra3 32. Bd1 Ra1 0-1

[Event "16"]
[Site "http://www.queenalice.com/game.php?id=1807312"]
[Date "2023.3.6"]
[Round "-"]
[White "Mlintz"]
[Black "cristal_negro"]
[Result "1-0"]
[WhiteElo "1960"]
[BlackElo "1929"]

1. e4 e5 2. Nf3 Nc6 3. Bc4 Be7 4. d4 exd4 5. c3 d6 6. cxd4 Bg4 7. O-O Nf6 8. Nc3
O-O 9. Be3 Na5 10. Bd3 c6 11. a3 b6 12. b4 Nb7 13. Be2 d5 14. exd5 cxd5 15. Ne5
Bxe2 16. Qxe2 Qd6 17. Bf4 a6 18. Bg3 Ne4 19. Nxe4 dxe4 20. Nxf7 Qxd4 21. Ne5
Rac8 22. Qa2+ Kh8 23. Nf7+ Kg8 24. Nh6+ Kh8 25. Qg8+ 1-0

[Event "15"]
[Site "http://www.queenalice.com/game.php?id=1807313"]
[Date "2023.3.6"]
[Round "-"]
[White "cristal_negro"]
[Black "Mlintz"]
[Result "0-1"]
[WhiteElo "1930"]
[BlackElo "1904"]

1. e4 c5 2. Nf3 Nc6 3. c3 e6 4. d4 d5 5. e5 a6 6. Be2 h6 7. O-O cxd4 8. cxd4
Nge7 9. Nc3 Ng6 10. Bd2 Be7 11. a3 b5 12. Nxb5 axb5 13. Bxb5 Bd7 14. a4 O-O 15.
Be3 Na5 16. Bxd7 Qxd7 17. g3 Nc4 18. Bc1 Rfb8 19. b3 Nb6 20. Re1 Nc8 21. Be3 Bb4
22. Re2 Nb6 23. Qc1 Rc8 24. Qd1 Qa7 25. h4 Qa5 26. Rc2 Rxc2 27. Qxc2 Rc8 28. Qe2
Nd7 29. h5 Ne7 30. Ne1 Bxe1 31. Rxe1 Qc3 32. Rc1 Qxb3 33. Rxc8+ Nxc8 34. a5 Qc4
35. Qb2 Qa6 36. Qc3 Qb7 37. g4 f6 38. Qd3 Ne7 39. a6 Qa7 40. Qb5 Kf7 41. exf6
Nxf6 42. g5 hxg5 43. Qb7 Qxb7 44. axb7 Nc6 45. Bxg5 Nxh5 46. Bd8 Nf6 47. f3 Nd7
48. Bc7 Nxd4 49. Kf2 Nc6 50. f4 Ndb8 51. Ke3 Ke8 52. Kd3 Kd7 53. Bb6 Nd8 54. Kd4
Nxb7 55. Kc3 Nc6 56. Kd3 d4 57. Bxd4 Nxd4 58. Kxd4 Kd6 59. Kc4 e5 60. fxe5+ Kxe5
0-1